| 000 | 01616cam a22004334i 4500 | ||
|---|---|---|---|
| 003 | PE-LiUPU | ||
| 005 | 20250731184515.0 | ||
| 008 | 150617s r 000 0 d | ||
| 035 | _a(Sirsi) a16719 | ||
| 040 |
_aPE-LiUPU _bspa _cPE-LiUPU _erda |
||
| 049 | _aPRUA | ||
| 082 | 0 | 4 |
_a985.01 _bC13 _221 |
| 100 |
_aFord, James A. _eautor. _96261 |
||
| 245 | 0 | 3 |
_aEl trabajo en la América precolombina. / _cpor James A. Ford. |
| 264 | 1 |
_aBuenos Aires : _bHeliasta, _c1978. |
|
| 300 |
_a360 páginas ; _c23 cm |
||
| 336 |
_atext _2rdacontent |
||
| 337 |
_aunmediated _2rdamedia |
||
| 338 |
_avolume _2rdacarrier |
||
| 505 | 0 | _aEl trabajo en América precolombina -- El trabajo en el México precolonial -- Los primitivos pobladores de lo que hoy es Costa Rica -- El trabajo humano en la sociedad taina antes del descubrimiento -- Trabajo e instituciones laborales en el Perú precolonial -- El trabajo en el Perú prehispánico -- El Perú preincaico y el Perú incaico -- Sistemas sociales y económicos de los incas y aztecas. | |
| 526 | _aP136 | ||
| 526 | _aP135 | ||
| 526 | _aP134 | ||
| 526 | _aP133 | ||
| 526 | _aP144 | ||
| 526 | _aP143 | ||
| 526 | _aP87 | ||
| 526 | _aP35 | ||
| 526 | _aP20 | ||
| 526 | _aP14 | ||
| 526 | _aP10 | ||
| 526 | _aP06 | ||
| 650 | 0 | 4 |
_aPERU _xHISTORIA _vFUENTES. |
| 700 |
_aCabanellas, Guillermo, _edirector. _96260 |
||
| 942 |
_2ddc _cBK |
||
| 949 |
_a985.01 C13 _wDEWEY _c1 _i27497 _lCCODEBUL1 _mBUL _r0 _sY _tBOOK _u2015-04-21 _xEDUCACION _zUNKNOWN _0COMPRA _o.STAFF. Colección General |
||
| 999 |
_c15942 _d15942 |
||
| 980 |
_81 _gALBERTO SANCHEZ Responsable de Automatización |
||